[Event "DEM U12 2025"]
[Site "Willingen GER"]
[Date "2025.06.10"]
[Round "4"]
[White "Shen, Tingrui"]
[Black "Hamann, Friedrich"]
[Result "1-0"]
[Termination "normal"]
[Board "6"]
[WhiteElo "2101"]
[BlackElo "1822"]
[WhiteClock "00:06:34"]
[BlackClock "00:00:39"]
[PlyCount "57"]
[WhiteFideId "34603441"]
[BlackFideId "34622829"]
[EventCountry "GER"]
[EventRounds "9"]
[EventType "swiss"]
[EventDate "2025.06.07"]

1. Nf3 {[%clk 01:30:57]} {[%emt 00:00:02]} Nf6 {[%clk 01:29:46]} {[%emt
00:01:15]} 2. g3 {[%clk 01:30:58]} {[%emt 00:00:29]} g6 {[%clk 01:29:48]}
{[%emt 00:00:27]} 3. Bg2 {[%clk 01:31:17]} {[%emt 00:00:11]} Bg7 {[%clk
01:29:49]} {[%emt 00:00:29]} 4. O-O {[%clk 01:31:36]} {[%emt 00:00:12]} O-O
{[%clk 01:29:07]} {[%emt 00:01:12]} 5. c4 {[%clk 01:31:34]} {[%emt 00:00:32]}
c5 {[%clk 01:25:26]} {[%emt 00:04:11]} 6. d4 {[%clk 01:28:52]} {[%emt
00:03:12]} cxd4 {[%clk 01:15:55]} {[%emt 00:10:01]} 7. Nxd4 {[%clk 01:28:44]}
{[%emt 00:00:37]} Nc6 {[%clk 00:59:32]} {[%emt 00:16:53]} 8. Nc2 {[%clk
01:20:20]} {[%emt 00:08:55]} d6 {[%clk 00:52:57]} {[%emt 00:07:05]} 9. Nc3
{[%clk 01:16:23]} {[%emt 00:04:26]} Be6 {[%clk 00:48:35]} {[%emt 00:04:53]} 10.
Ne3 {[%clk 01:14:01]} {[%emt 00:02:51]} Rc8 {[%clk 00:47:11]} {[%emt 00:01:55]}
11. Bd2 {[%clk 01:03:55]} {[%emt 00:10:36]} Qd7 {[%clk 00:43:08]} {[%emt
00:04:33]} 12. Rc1 {[%clk 00:59:32]} {[%emt 00:04:52]} Bh3 {[%clk 00:38:33]}
{[%emt 00:05:06]} 13. b3 {[%clk 00:57:31]} {[%emt 00:02:31]} Rfd8 {[%clk
00:36:47]} {[%emt 00:02:15]} 14. Qc2 {[%clk 00:53:45]} {[%emt 00:04:16]} h5
{[%clk 00:27:09]} {[%emt 00:10:09]} 15. Ned5 {[%clk 00:47:41]} {[%emt
00:06:34]} Bxg2 {[%clk 00:25:11]} {[%emt 00:02:28]} 16. Nxf6+ {[%clk 00:41:40]}
{[%emt 00:06:30]} Bxf6 {[%clk 00:24:55]} {[%emt 00:00:47]} 17. Kxg2 {[%clk
00:42:03]} {[%emt 00:00:07]} Nd4 {[%clk 00:17:49]} {[%emt 00:07:36]} 18. Qd3
{[%clk 00:37:07]} {[%emt 00:05:25]} Qc6+ {[%clk 00:13:30]} {[%emt 00:04:51]}
19. f3 {[%clk 00:35:44]} {[%emt 00:01:52]} e6 {[%clk 00:07:01]} {[%emt
00:06:59]} 20. Ne4 {[%clk 00:20:15]} {[%emt 00:15:59]} Bg7 {[%clk 00:04:58]}
{[%emt 00:02:33]} 21. Bg5 {[%clk 00:19:37]} {[%emt 00:01:09]} Rd7 {[%clk
00:02:06]} {[%emt 00:03:23]} 22. Nf6+ {[%clk 00:17:56]} {[%emt 00:02:10]} Bxf6
{[%clk 00:02:23]} {[%emt 00:00:13]} 23. Bxf6 {[%clk 00:18:17]} {[%emt
00:00:07]} Nf5 {[%clk 00:01:24]} {[%emt 00:01:29]} 24. e4 {[%clk 00:12:58]}
{[%emt 00:05:49]} Ne7 {[%clk 00:01:05]} {[%emt 00:00:50]} 25. Rfd1 {[%clk
00:11:41]} {[%emt 00:01:46]} Rcd8 {[%clk 00:00:50]} {[%emt 00:00:45]} 26. Qe3
{[%clk 00:10:25]} {[%emt 00:01:47]} Kh7 {[%clk 00:00:49]} {[%emt 00:00:31]} 27.
Qg5 {[%clk 00:08:40]} {[%emt 00:02:15]} Qc7 {[%clk 00:00:44]} {[%emt 00:00:36]}
28. g4 {[%clk 00:06:16]} {[%emt 00:02:53]} hxg4 {[%clk 00:00:39]} {[%emt
00:00:34]} 29. Qh4+ {[%clk 00:06:34]} {[%emt 00:00:13]} 1-0

[Event "DEM U12 2025"]
[Site "Willingen GER"]
[Date "2025.06.10"]
[Round "4"]
[White "Andersen, Jonathan"]
[Black "Pradeep, Harshill"]
[Result "1-0"]
[Termination "normal"]
[Board "7"]
[WhiteElo "1787"]
[BlackElo "1936"]
[WhiteClock "00:29:30"]
[BlackClock "00:28:01"]
[PlyCount "93"]
[WhiteFideId "34623884"]
[BlackFideId "34629513"]
[EventCountry "GER"]
[EventRounds "9"]
[EventType "swiss"]
[EventDate "2025.06.07"]

1. e4 {[%clk 01:30:57]} {[%emt 00:00:02]} e5 {[%clk 01:30:56]} {[%emt
00:00:05]} 2. Nf3 {[%clk 01:31:23]} {[%emt 00:00:04]} Nc6 {[%clk 01:31:20]}
{[%emt 00:00:06]} 3. Bb5 {[%clk 01:31:48]} {[%emt 00:00:05]} a6 {[%clk
01:31:15]} {[%emt 00:00:35]} 4. Ba4 {[%clk 01:32:09]} {[%emt 00:00:08]} Nf6
{[%clk 01:30:41]} {[%emt 00:01:04]} 5. O-O {[%clk 01:32:14]} {[%emt 00:00:25]}
Bc5 {[%clk 01:30:40]} {[%emt 00:00:32]} 6. c3 {[%clk 01:32:12]} {[%emt
00:00:31]} b5 {[%clk 01:31:06]} {[%emt 00:00:05]} 7. Bb3 {[%clk 01:32:28]}
{[%emt 00:00:13]} d6 {[%clk 01:30:11]} {[%emt 00:01:25]} 8. h3 {[%clk
01:32:04]} {[%emt 00:00:54]} O-O {[%clk 01:28:36]} {[%emt 00:02:06]} 9. d4
{[%clk 01:32:19]} {[%emt 00:00:15]} Bb6 {[%clk 01:28:33]} {[%emt 00:00:33]} 10.
Be3 {[%clk 01:22:34]} {[%emt 00:10:15]} h6 {[%clk 01:21:21]} {[%emt 00:07:42]}
11. Nbd2 {[%clk 01:10:39]} {[%emt 00:12:24]} Re8 {[%clk 01:18:40]} {[%emt
00:03:12]} 12. Re1 {[%clk 00:54:07]} {[%emt 00:17:02]} Bb7 {[%clk 01:16:17]}
{[%emt 00:02:53]} 13. d5 {[%clk 00:45:29]} {[%emt 00:09:07]} Ne7 {[%clk
01:12:51]} {[%emt 00:03:56]} 14. Bxb6 {[%clk 00:44:34]} {[%emt 00:01:26]} cxb6
{[%clk 01:13:15]} {[%emt 00:00:06]} 15. Nf1 {[%clk 00:44:46]} {[%emt 00:00:17]}
Ng6 {[%clk 01:11:49]} {[%emt 00:01:56]} 16. N3h2 {[%clk 00:44:20]} {[%emt
00:00:56]} Bc8 {[%clk 01:10:55]} {[%emt 00:01:25]} 17. Ng3 {[%clk 00:36:59]}
{[%emt 00:07:51]} Nf4 {[%clk 01:02:03]} {[%emt 00:09:21]} 18. a4 {[%clk
00:35:34]} {[%emt 00:01:56]} Bd7 {[%clk 00:59:13]} {[%emt 00:03:20]} 19. axb5
{[%clk 00:35:38]} {[%emt 00:00:27]} axb5 {[%clk 00:59:24]} {[%emt 00:00:18]}
20. Qf3 {[%clk 00:34:22]} {[%emt 00:01:46]} Kh7 {[%clk 00:46:12]} {[%emt
00:13:42]} 21. Rxa8 {[%clk 00:28:58]} {[%emt 00:05:55]} Qxa8 {[%clk 00:46:34]}
{[%emt 00:00:07]} 22. Ng4 {[%clk 00:28:07]} {[%emt 00:01:21]} Nxg4 {[%clk
00:42:23]} {[%emt 00:04:41]} 23. hxg4 {[%clk 00:28:02]} {[%emt 00:00:35]} g6
{[%clk 00:41:42]} {[%emt 00:01:11]} 24. Nf1 {[%clk 00:20:56]} {[%emt 00:07:36]}
Rf8 {[%clk 00:39:37]} {[%emt 00:02:35]} 25. Ne3 {[%clk 00:18:24]} {[%emt
00:03:03]} Nd3 {[%clk 00:27:25]} {[%emt 00:12:41]} 26. Rb1 {[%clk 00:18:38]}
{[%emt 00:00:16]} Nc5 {[%clk 00:27:00]} {[%emt 00:00:55]} 27. Bc2 {[%clk
00:18:47]} {[%emt 00:00:21]} Kg7 {[%clk 00:26:16]} {[%emt 00:01:15]} 28. g3
{[%clk 00:16:49]} {[%emt 00:02:28]} Qd8 {[%clk 00:17:12]} {[%emt 00:09:33]} 29.
Kg2 {[%clk 00:15:30]} {[%emt 00:01:50]} Rh8 {[%clk 00:16:46]} {[%emt 00:00:55]}
30. Rh1 {[%clk 00:12:32]} {[%emt 00:03:28]} Rh7 {[%clk 00:10:08]} {[%emt
00:07:08]} 31. Qe2 {[%clk 00:10:01]} {[%emt 00:03:02]} Qg5 {[%clk 00:09:30]}
{[%emt 00:01:08]} 32. b4 {[%clk 00:09:04]} {[%emt 00:01:27]} Na6 {[%clk
00:08:14]} {[%emt 00:01:46]} 33. Ra1 {[%clk 00:08:26]} {[%emt 00:01:08]} Nc7
{[%clk 00:08:32]} {[%emt 00:00:12]} 34. Ra7 {[%clk 00:06:21]} {[%emt 00:02:35]}
Qd8 {[%clk 00:08:53]} {[%emt 00:00:09]} 35. f4 {[%clk 00:06:37]} {[%emt
00:00:14]} Bc8 {[%clk 00:07:57]} {[%emt 00:01:26]} 36. fxe5 {[%clk 00:05:12]}
{[%emt 00:01:54]} dxe5 {[%clk 00:08:11]} {[%emt 00:00:16]} 37. Qd3 {[%clk
00:03:21]} {[%emt 00:02:21]} Qd6 {[%clk 00:07:48]} {[%emt 00:00:53]} 38. c4
{[%clk 00:02:43]} {[%emt 00:01:09]} Ba6 {[%clk 00:06:24]} {[%emt 00:01:54]} 39.
Qc3 {[%clk 00:01:48]} {[%emt 00:01:25]} bxc4 {[%clk 00:04:28]} {[%emt
00:02:26]} 40. Nxc4 {[%clk 00:02:08]} {[%emt 00:00:10]} Bxc4 {[%clk 00:01:50]}
{[%emt 00:03:07]} 41. Qxc4 {[%clk 00:01:27]} {[%emt 00:01:11]} Ne8 {[%clk
00:01:53]} {[%emt 00:00:27]} 42. Qc6 {[%clk 00:00:54]} {[%emt 00:01:04]} Qxb4
{[%clk 00:01:12]} {[%emt 00:01:11]} 43. Qxe8 {[%clk 00:01:03]} {[%emt
00:00:20]} Kf6 {[%clk 00:27:53]} {[%emt 00:03:49]} 44. Qd8+ {[%clk 00:28:56]}
{[%emt 00:02:37]} Kg7 {[%clk 00:28:18]} {[%emt 00:00:05]} 45. Qe7 {[%clk
00:28:55]} {[%emt 00:00:31]} Qd2+ {[%clk 00:28:19]} {[%emt 00:00:30]} 46. Kh3
{[%clk 00:29:18]} {[%emt 00:00:07]} Qf2 {[%clk 00:28:01]} {[%emt 00:00:47]} 47.
Qxe5+ {[%clk 00:29:30]} {[%emt 00:00:17]} 1-0

[Event "DEM U12 2025"]
[Site "Willingen GER"]
[Date "2025.06.10"]
[Round "4"]
[White "Gao, Chenzhuo"]
[Black "Naumann, Lennart"]
[Result "0-1"]
[Termination "normal"]
[Board "8"]
[WhiteElo "1707"]
[BlackElo "1820"]
[WhiteClock "00:16:04"]
[BlackClock "00:19:24"]
[PlyCount "68"]
[WhiteFideId "34668608"]
[BlackFideId "34644830"]
[EventCountry "GER"]
[EventRounds "9"]
[EventType "swiss"]
[EventDate "2025.06.07"]

1. d4 {[%clk 01:30:49]} {[%emt 00:00:10]} c5 {[%clk 01:30:52]} {[%emt
00:00:08]} 2. d5 {[%clk 01:31:05]} {[%emt 00:00:16]} Nf6 {[%clk 01:31:09]}
{[%emt 00:00:11]} 3. c4 {[%clk 01:30:50]} {[%emt 00:00:45]} e6 {[%clk
01:31:31]} {[%emt 00:00:07]} 4. Nc3 {[%clk 01:30:52]} {[%emt 00:00:29]} d6
{[%clk 01:31:52]} {[%emt 00:00:08]} 5. e4 {[%clk 01:31:08]} {[%emt 00:00:16]}
g6 {[%clk 01:32:14]} {[%emt 00:00:07]} 6. h3 {[%clk 01:30:54]} {[%emt
00:00:45]} Bg7 {[%clk 01:32:10]} {[%emt 00:00:32]} 7. Nf3 {[%clk 01:30:14]}
{[%emt 00:01:11]} O-O {[%clk 01:32:18]} {[%emt 00:00:22]} 8. Bd3 {[%clk
01:30:03]} {[%emt 00:00:41]} exd5 {[%clk 01:32:00]} {[%emt 00:00:48]} 9. exd5
{[%clk 01:30:02]} {[%emt 00:00:32]} Re8+ {[%clk 01:30:22]} {[%emt 00:02:07]}
10. Be3 {[%clk 01:29:38]} {[%emt 00:00:54]} Nbd7 {[%clk 01:29:45]} {[%emt
00:01:07]} 11. O-O {[%clk 01:29:44]} {[%emt 00:00:25]} Ne5 {[%clk 01:27:43]}
{[%emt 00:02:31]} 12. Nxe5 {[%clk 01:28:59]} {[%emt 00:01:15]} Rxe5 {[%clk
01:28:07]} {[%emt 00:00:06]} 13. Bf4 {[%clk 01:28:45]} {[%emt 00:00:45]} Re8
{[%clk 01:28:31]} {[%emt 00:00:05]} 14. Nb5 {[%clk 01:27:54]} {[%emt 00:01:22]}
Bf8 {[%clk 01:28:10]} {[%emt 00:00:50]} 15. Qf3 {[%clk 01:26:35]} {[%emt
00:01:49]} Qb6 {[%clk 01:17:15]} {[%emt 00:11:25]} 16. Rab1 {[%clk 01:24:19]}
{[%emt 00:02:46]} a6 {[%clk 01:12:53]} {[%emt 00:04:51]} 17. Nc3 {[%clk
01:24:12]} {[%emt 00:00:38]} Bg7 {[%clk 01:10:26]} {[%emt 00:02:56]} 18. Bg3
{[%clk 01:09:49]} {[%emt 00:14:54]} Nd7 {[%clk 00:53:07]} {[%emt 00:17:44]} 19.
Qf4 {[%clk 00:56:09]} {[%emt 00:14:16]} Ne5 {[%clk 00:47:32]} {[%emt 00:06:02]}
20. Bc2 {[%clk 00:53:56]} {[%emt 00:02:46]} Bd7 {[%clk 00:39:01]} {[%emt
00:08:58]} 21. b3 {[%clk 00:46:07]} {[%emt 00:08:22]} f5 {[%clk 00:35:35]}
{[%emt 00:03:56]} 22. Qd2 {[%clk 00:43:23]} {[%emt 00:03:10]} Qb4 {[%clk
00:32:52]} {[%emt 00:03:15]} 23. Rfd1 {[%clk 00:37:12]} {[%emt 00:06:42]} b5
{[%clk 00:26:50]} {[%emt 00:06:32]} 24. Bxe5 {[%clk 00:25:54]} {[%emt
00:11:49]} Rxe5 {[%clk 00:24:51]} {[%emt 00:02:29]} 25. Bd3 {[%clk 00:23:46]}
{[%emt 00:02:37]} Rae8 {[%clk 00:20:16]} {[%emt 00:05:03]} 26. cxb5 {[%clk
00:19:47]} {[%emt 00:04:31]} axb5 {[%emt 00:01:18]} 27. Nxb5 {[%clk 00:16:02]}
{[%emt 00:04:14]} Re1+ {[%clk 00:18:15]} {[%emt 00:01:45]} 28. Kh2 {[%clk
00:16:03]} {[%emt 00:00:28]} Qxd2 {[%clk 00:18:16]} {[%emt 00:00:29]} 29. Rxd2
{[%clk 00:15:31]} {[%emt 00:01:02]} Rxb1 {[%clk 00:18:31]} {[%emt 00:00:14]}
30. Bxb1 {[%clk 00:15:06]} {[%emt 00:00:55]} Bxb5 {[%clk 00:18:47]} {[%emt
00:00:14]} 31. a4 {[%clk 00:15:22]} {[%emt 00:00:14]} Ba6 {[%clk 00:18:57]}
{[%emt 00:00:20]} 32. Bd3 {[%clk 00:15:21]} {[%emt 00:00:32]} Bc3 {[%clk
00:18:48]} {[%emt 00:00:37]} 33. Rd1 {[%clk 00:15:36]} {[%emt 00:00:15]} Bxd3
{[%clk 00:19:07]} {[%emt 00:00:10]} 34. Rxd3 {[%clk 00:16:04]} {[%emt
00:00:03]} Bb4 {[%clk 00:19:24]} {[%emt 00:00:11]} 0-1

[Event "DEM U12 2025"]
[Site "Willingen GER"]
[Date "2025.06.10"]
[Round "4"]
[White "Chakhalov, Mikael"]
[Black "Hellriegel, Hannes"]
[Result "1/2-1/2"]
[Termination "normal"]
[Board "9"]
[WhiteElo "1902"]
[BlackElo "1849"]
[WhiteClock "00:35:29"]
[BlackClock "00:01:01"]
[PlyCount "70"]
[WhiteFideId "34644458"]
[BlackFideId "34623701"]
[EventCountry "GER"]
[EventRounds "9"]
[EventType "swiss"]
[EventDate "2025.06.07"]

1. d4 {[%clk 01:30:55]} {[%emt 00:00:05]} Nf6 {[%clk 01:30:55]} {[%emt
00:00:06]} 2. c4 {[%clk 01:31:20]} {[%emt 00:00:05]} e6 {[%clk 01:31:20]}
{[%emt 00:00:05]} 3. Nf3 {[%clk 01:31:41]} {[%emt 00:00:08]} d5 {[%clk
01:30:54]} {[%emt 00:00:57]} 4. Qc2 {[%clk 01:31:55]} {[%emt 00:00:15]} Be7
{[%clk 01:21:58]} {[%emt 00:09:26]} 5. g3 {[%clk 01:31:57]} {[%emt 00:00:29]}
O-O {[%clk 01:15:19]} {[%emt 00:07:09]} 6. Bg2 {[%clk 01:31:02]} {[%emt
00:01:24]} c5 {[%clk 01:13:47]} {[%emt 00:02:03]} 7. O-O {[%clk 01:30:08]}
{[%emt 00:01:24]} Na6 {[%clk 01:06:28]} {[%emt 00:07:49]} 8. a3 {[%clk
01:27:53]} {[%emt 00:02:45]} Qb6 {[%clk 00:58:07]} {[%emt 00:08:51]} 9. dxc5
{[%clk 01:23:21]} {[%emt 00:05:02]} Qxc5 {[%clk 00:53:02]} {[%emt 00:05:36]}
10. Nbd2 {[%clk 01:22:11]} {[%emt 00:01:39]} Bd7 {[%clk 00:51:54]} {[%emt
00:01:38]} 11. b4 {[%clk 01:22:05]} {[%emt 00:00:37]} Qc7 {[%clk 00:51:00]}
{[%emt 00:01:23]} 12. Bb2 {[%clk 01:18:02]} {[%emt 00:04:33]} Ne8 {[%clk
00:43:14]} {[%emt 00:08:15]} 13. Rac1 {[%clk 01:14:48]} {[%emt 00:03:45]} Rc8
{[%clk 00:41:29]} {[%emt 00:02:14]} 14. Qb3 {[%clk 01:14:03]} {[%emt 00:01:16]}
dxc4 {[%clk 00:35:45]} {[%emt 00:06:14]} 15. Rxc4 {[%clk 01:13:48]} {[%emt
00:00:44]} Qb8 {[%clk 00:34:37]} {[%emt 00:01:39]} 16. Rxc8 {[%clk 01:13:07]}
{[%emt 00:01:11]} Bxc8 {[%clk 00:30:23]} {[%emt 00:04:44]} 17. Rc1 {[%clk
01:12:43]} {[%emt 00:00:53]} Bf6 {[%clk 00:28:25]} {[%emt 00:02:28]} 18. Ne4
{[%clk 01:10:55]} {[%emt 00:02:19]} Bxb2 {[%clk 00:26:23]} 19. Qxb2 {[%clk
01:11:03]} {[%emt 00:02:54]} Nd6 {[%clk 00:24:14]} {[%emt 00:02:39]} 20. Ne5
{[%clk 01:08:11]} {[%emt 00:03:19]} Nxe4 {[%clk 00:19:48]} {[%emt 00:04:59]}
21. Bxe4 {[%clk 01:08:37]} {[%emt 00:00:04]} f6 {[%clk 00:18:25]} {[%emt
00:01:53]} 22. Nd3 {[%emt 00:01:38]} Rd8 {[%clk 00:14:42]} {[%emt 00:04:07]}
23. Rc3 {[%clk 00:54:15]} {[%emt 00:13:49]} b6 {[%clk 00:10:18]} {[%emt
00:04:55]} 24. b5 {[%clk 00:47:12]} {[%emt 00:07:33]} Nc7 {[%clk 00:09:26]}
{[%emt 00:01:23]} 25. Nb4 {[%clk 00:46:10]} {[%emt 00:01:32]} Rd1+ {[%clk
00:04:22]} {[%emt 00:05:34]} 26. Kg2 {[%clk 00:46:37]} {[%emt 00:00:03]} Nxb5
{[%clk 00:04:05]} {[%emt 00:00:47]} 27. Nc6 {[%clk 00:46:16]} {[%emt 00:00:51]}
Nxc3 {[%clk 00:04:24]} {[%emt 00:00:11]} 28. Nxb8 {[%clk 00:46:35]} {[%emt
00:00:10]} Nxe4 {[%clk 00:04:50]} {[%emt 00:00:05]} 29. Qc2 {[%clk 00:42:24]}
{[%emt 00:04:41]} Bb7 {[%clk 00:04:18]} {[%emt 00:01:02]} 30. f3 {[%clk
00:42:47]} {[%emt 00:00:06]} Rd2 {[%clk 00:03:51]} {[%emt 00:00:58]} 31. Qc1
{[%clk 00:40:58]} {[%emt 00:02:15]} Rxe2+ {[%clk 00:03:29]} {[%emt 00:00:56]}
32. Kf1 {[%clk 00:37:23]} {[%emt 00:04:03]} Rf2+ {[%clk 00:01:04]} {[%emt
00:02:56]} 33. Kg1 {[%clk 00:37:52]} {[%emt 00:00:02]} Rxf3 {[%clk 00:01:22]}
{[%emt 00:00:12]} 34. Qc7 {[%clk 00:36:40]} {[%emt 00:01:42]} Nc5 {[%clk
00:01:45]} {[%emt 00:00:07]} 35. Nd7 {[%clk 00:35:29]} {[%emt 00:01:35]} Rb3
{[%clk 00:01:01]} {[%emt 00:01:19]} 1/2-1/2

[Event "DEM U12 2025"]
[Site "Willingen GER"]
[Date "2025.06.10"]
[Round "4"]
[White "Steinbrenner, Peter"]
[Black "Ziem, Ole"]
[Result "1-0"]
[Termination "normal"]
[Board "10"]
[WhiteElo "1908"]
[BlackElo "1670"]
[WhiteClock "00:02:07"]
[BlackClock "00:20:57"]
[PlyCount "103"]
[WhiteFideId "34645535"]
[BlackFideId "34624791"]
[EventCountry "GER"]
[EventRounds "9"]
[EventType "swiss"]
[EventDate "2025.06.07"]

1. e4 {[%clk 01:30:48]} {[%emt 00:00:11]} e5 {[%clk 01:30:42]} {[%emt
00:00:19]} 2. Nf3 {[%clk 01:31:07]} {[%emt 00:00:11]} Nc6 {[%clk 01:30:53]}
{[%emt 00:00:19]} 3. Bb5 {[%clk 01:31:23]} {[%emt 00:00:14]} a6 {[%clk
01:30:56]} {[%emt 00:00:28]} 4. Ba4 {[%clk 01:31:11]} {[%emt 00:00:41]} Nf6
{[%clk 01:30:57]} {[%emt 00:00:28]} 5. O-O {[%clk 01:31:15]} {[%emt 00:00:27]}
Be7 {[%clk 01:30:40]} {[%emt 00:00:46]} 6. d3 {[%clk 01:31:21]} {[%emt
00:00:26]} b5 {[%clk 01:30:49]} {[%emt 00:00:20]} 7. Bb3 {[%clk 01:31:45]}
{[%emt 00:00:06]} d6 {[%clk 01:30:53]} {[%emt 00:00:26]} 8. a3 {[%clk
01:31:47]} {[%emt 00:00:28]} O-O {[%clk 01:30:52]} {[%emt 00:00:30]} 9. Nc3
{[%clk 01:31:49]} {[%emt 00:00:29]} Bg4 {[%clk 01:30:31]} {[%emt 00:00:51]} 10.
Be3 {[%clk 01:31:19]} {[%emt 00:00:59]} Qd7 {[%clk 01:26:58]} {[%emt 00:04:04]}
11. Nd5 {[%clk 01:25:19]} {[%emt 00:06:31]} Nxd5 {[%clk 01:24:50]} {[%emt
00:02:38]} 12. Bxd5 {[%clk 01:25:40]} {[%emt 00:00:08]} Be6 {[%clk 01:24:05]}
{[%emt 00:01:15]} 13. c4 {[%clk 01:20:02]} {[%emt 00:06:08]} Rab8 {[%clk
01:20:32]} {[%emt 00:04:03]} 14. Qc2 {[%clk 01:13:10]} {[%emt 00:07:22]} b4
{[%clk 01:15:57]} {[%emt 00:05:06]} 15. Qa4 {[%clk 01:08:45]} {[%emt 00:04:54]}
Nd8 {[%clk 01:14:46]} {[%emt 00:01:41]} 16. axb4 {[%clk 00:58:37]} {[%emt
00:10:39]} Qxa4 {[%clk 01:14:56]} {[%emt 00:00:19]} 17. Rxa4 {[%clk 00:58:59]}
{[%emt 00:00:09]} Bd7 {[%clk 01:15:14]} {[%emt 00:00:12]} 18. Rxa6 {[%clk
00:55:42]} {[%emt 00:03:46]} c6 {[%clk 01:13:40]} {[%emt 00:02:05]} 19. Ra7
{[%clk 00:54:05]} {[%emt 00:02:06]} Rb7 {[%clk 01:13:53]} {[%emt 00:00:17]} 20.
Bxc6 {[%clk 00:53:08]} {[%emt 00:01:27]} Bxc6 {[%clk 01:14:18]} {[%emt
00:00:06]} 21. b5 {[%clk 00:53:19]} {[%emt 00:00:19]} Rxa7 {[%clk 01:13:23]}
{[%emt 00:01:24]} 22. Bxa7 {[%clk 00:53:38]} {[%emt 00:00:11]} Bb7 {[%clk
01:13:40]} {[%emt 00:00:13]} 23. Be3 {[%clk 00:49:33]} {[%emt 00:04:35]} f5
{[%clk 01:09:08]} {[%emt 00:05:02]} 24. Nd2 {[%clk 00:49:36]} {[%emt 00:00:27]}
f4 {[%clk 01:05:03]} {[%emt 00:04:35]} 25. Bb6 {[%clk 00:49:02]} {[%emt
00:01:04]} Ne6 {[%clk 01:04:19]} {[%emt 00:01:14]} 26. b4 {[%clk 00:47:02]}
{[%emt 00:02:31]} Rb8 {[%clk 01:02:18]} {[%emt 00:02:31]} 27. Ra1 {[%clk
00:40:20]} {[%emt 00:07:11]} Bc8 {[%clk 00:53:45]} {[%emt 00:09:03]} 28. Ba7
{[%clk 00:36:38]} {[%emt 00:04:12]} Ra8 {[%clk 00:50:06]} {[%emt 00:04:10]} 29.
Nb3 {[%clk 00:35:45]} {[%emt 00:01:23]} Kf7 {[%clk 00:43:22]} {[%emt 00:07:13]}
30. b6 {[%clk 00:31:48]} {[%emt 00:04:27]} Bb7 {[%clk 00:43:25]} {[%emt
00:00:27]} 31. Na5 {[%clk 00:26:48]} {[%emt 00:05:31]} Nd8 {[%clk 00:43:22]}
{[%emt 00:00:32]} 32. Rc1 {[%clk 00:25:48]} {[%emt 00:01:30]} Rc8 {[%clk
00:39:44]} {[%emt 00:04:08]} 33. Kf1 {[%clk 00:24:40]} {[%emt 00:01:39]} Ke6
{[%clk 00:39:50]} {[%emt 00:00:23]} 34. Ke2 {[%clk 00:24:42]} {[%emt 00:00:28]}
g5 {[%clk 00:39:49]} {[%emt 00:00:31]} 35. f3 {[%clk 00:23:06]} {[%emt
00:02:06]} h5 {[%clk 00:40:05]} {[%emt 00:00:13]} 36. h3 {[%clk 00:22:52]}
{[%emt 00:00:44]} h4 {[%clk 00:40:25]} {[%emt 00:00:09]} 37. Kd2 {[%clk
00:23:08]} {[%emt 00:00:14]} Kd7 {[%clk 00:40:32]} {[%emt 00:00:23]} 38. Kc3
{[%clk 00:22:40]} {[%emt 00:00:59]} Ke6 {[%clk 00:40:40]} {[%emt 00:00:23]} 39.
Kb3 {[%clk 00:22:26]} {[%emt 00:00:43]} Kd7 {[%clk 00:40:48]} {[%emt 00:00:22]}
40. Ka4 {[%clk 00:20:03]} {[%emt 00:02:52]} Ba6 {[%clk 00:40:34]} {[%emt
00:00:45]} 41. Nb3 {[%clk 00:16:13]} {[%emt 00:04:20]} Ne6 {[%clk 00:38:10]}
{[%emt 00:02:55]} 42. Ka5 {[%clk 00:12:00]} {[%emt 00:04:42]} Bb7 {[%clk
00:38:30]} {[%emt 00:00:10]} 43. Kb5 {[%clk 00:10:45]} {[%emt 00:01:45]} Nd4+
{[%clk 00:32:43]} {[%emt 00:06:18]} 44. Nxd4 {[%clk 00:09:30]} {[%emt
00:01:45]} exd4 {[%clk 00:33:09]} {[%emt 00:00:03]} 45. c5 {[%clk 00:05:59]}
{[%emt 00:04:00]} Rc6 {[%clk 00:33:20]} {[%emt 00:00:20]} 46. Bb8 {[%clk
00:05:02]} {[%emt 00:01:27]} Ke6 {[%clk 00:31:33]} {[%emt 00:02:17]} 47. e5
{[%clk 00:03:19]} {[%emt 00:02:13]} Kxe5 {[%clk 00:26:23]} {[%emt 00:05:41]}
48. Ra1 {[%clk 00:01:36]} {[%emt 00:02:12]} Kd5 {[%clk 00:25:04]} {[%emt
00:01:49]} 49. Ra7 {[%clk 00:01:15]} {[%emt 00:00:51]} Rc8 {[%clk 00:20:14]}
{[%emt 00:05:20]} 50. Rxb7 {[%clk 00:01:32]} {[%emt 00:00:13]} dxc5 {[%clk
00:20:33]} {[%emt 00:00:10]} 51. Rxe7 {[%clk 00:01:43]} {[%emt 00:00:19]} Rxb8
{[%clk 00:20:57]} {[%emt 00:00:08]} 52. bxc5 {[%clk 00:02:07]} {[%emt
00:00:05]} 1-0